| Tag |
First Indicator |
Second Indicator |
Subfields |
| LEADER |
00000cam a2200000 4500 |
| 001 |
in00000060274 |
| 005 |
20151008051619.0 |
| 008 |
751222s1958 ilua 00100 eng |
| 010 |
|
|
|a 57012543
|
| 035 |
|
|
|a (OCoLC)01901212
|
| 035 |
|
|
|9 AAG8969AM
|
| 040 |
|
|
|a DLC
|c SOI
|d TXA
|d UtOrBLW
|
| 049 |
|
|
|a TXAM
|c [323218]
|
| 050 |
0 |
0 |
|a HV8077
|b .D3
|
| 082 |
0 |
|
|a 364.12
|a 351.74
|
| 092 |
|
|
|a 364.12
|b D262i, 1958
|
| 100 |
1 |
|
|a Davis, John Edmund,
|d 1919-
|
| 245 |
1 |
3 |
|a An introduction to tool marks, firearms and the striagraph.
|
| 264 |
|
1 |
|a Springfield, Ill. :
|b Thomas,
|c [1958]
|
| 300 |
|
|
|a 282 pages :
|b illustrations ;
|c 24 cm.
|
| 336 |
|
|
|a text
|b txt
|2 rdacontent
|
| 337 |
|
|
|a unmediated
|b n
|2 rdamedia
|
| 338 |
|
|
|a volume
|b nc
|2 rdacarrier
|
| 490 |
1 |
|
|a The Police science series
|
| 650 |
|
0 |
|a Firearms
|x Identification.
|
| 740 |
0 |
|
|a Tool marks, firearms and the striagraph.
|
| 830 |
|
0 |
|a Police science series.
|
| 999 |
|
|
|a MARS
|
| 999 |
f |
f |
|s c4fca2c7-43ce-3d6e-b48e-d780bec44323
|i 178d6741-57eb-36d0-940b-32aaf5e52c05
|t 0
|
| 952 |
f |
f |
|p ric
|a Texas A&M University
|b Rellis Campus
|c Joint Library Facility
|d Remote Storage
|t 0
|e HV8077 .D3
|h Library of Congress classification
|i unmediated -- volume
|m A14800812268
|
| 998 |
f |
f |
|a HV8077 .D3
|t 0
|l Remote Storage
|